Datum a čas kvízu
33.5
Celkem bodů
Celkový počet nahraných bodů na tomto kvízu bez doplňovacích otázek.
7.
Pořadí na kvízu
Konečné umístění týmu na tomto kvízu.
Zaznamenané odpovědi
| # | Otázka | Odpověď | Body | Výsledky |
|---|---|---|---|---|
| 1. | Městský soud v Praze vyhlásil... | Firo-tour | 1 | |
| 2. | Jistá arabská země minulý týde... | Spojené arabské emiráty | 1 | |
| 3. | Minulý týden byl odhalen trail... | Batman | 1 | |
| 4. | Minulý týden byl oznámen konec... | Internet Explorer | 0 | |
| 5. | Jedna špičková tenistka nejprv... | Naomi Ósakaová | 1 | |
| 6. | V tomto tématu se podíváme na... | (druhá) punská válka | 1 | |
| 7. | V roce 1792 u Valmy porazila f... | Prusko | 1 | |
| 8. | Jak se jmenoval americký gener... | Robert Edward Lee | 1 | |
| 9. | V počáteční fázi první světové... | Marna/La Marne | 0 | |
| 10. | Kniha Černý jestřáb sestřelen... | v Somálsku | 1 |